| 000 | 00725nam a2200253#a 4500 | ||
|---|---|---|---|
| 001 | 00090 | ||
| 003 | HDC | ||
| 007 | ta | ||
| 008 | 230623s1995 xx 000 0 eng d | ||
| 020 | _a983065009X (pbk.). | ||
| 040 | _aHDC | ||
| 050 |
_aBP 184.9 _b. D5 M838 2003 |
||
| 100 | _aChand, Muhammad Umar | ||
| 245 | 0 |
_aHalal & haram : _bthe prohibited & the permitted foods & drinks according to Jewish, Christian & Muslim scriptures / _cMuhammad Umar Chand |
|
| 250 | _a4th ed. | ||
| 264 |
_aKuala Lumpur : _bA.S. Noordeen, _c1995 |
||
| 300 |
_axviii, 210p. ; _c 21cm |
||
| 650 |
_aFood _xReligious aspects |
||
| 650 | _aReligious life | ||
| 942 | _2lcc | ||
| 942 | _cBK | ||
| 942 | _kBP 184.9 | ||
| 942 | _m. D5 M838 2003 | ||
| 999 |
_c21737 _d21737 |
||